000 00495nmm a2200169Ia 4500
008 251105s9999||||xx |||||||||||||||||und||
020 _a9788433915603
041 _acat
100 _aCassany, Daniel
245 0 _aLaboratori lector :
_b Per entendre la lectura
264 _a[Madrid, España] :
_bEditorial Anagrama,
_c2018
300 _a198 páginas
490 _aLlibres Anagrama
650 _aLiterature, Theory
856 _uhttps://public.digitaliapublishing.com/a/79916
942 _cCF
999 _c81703
_d81703